[Event "S16 a S20"]
[Site "Cambrils"]
[Date "2023.04.05"]
[Round "7.5"]
[White "Roca Planas, Edgar"]
[Black "Alcala Gonzalez, Cesar"]
[Result "0-1"]
[TimeControl "90'+30\""]
[BlackFideId "24584878"]
[WhiteElo "2144"]
[BlackElo "2262"]

1. e4 {[%clk 01:30:57]} {[%emt 00:00:02]} c6 {[%emt 00:00:08]} 2. Nc3 {[%clk
01:31:14]} {[%emt 00:00:11]} d5 {[%clk 01:31:20]} {[%emt 00:00:05]} 3. Nf3
{[%clk 01:31:42]} {[%emt 00:00:02]} dxe4 {[%clk 01:31:24]} {[%emt 00:00:26]} 4.
Nxe4 {[%clk 01:32:07]} {[%emt 00:00:05]} Nf6 {[%clk 01:31:51]} {[%emt
00:00:03]} 5. Nxf6+ {[%clk 01:32:34]} {[%emt 00:00:04]} exf6 {[%clk 01:32:14]}
{[%emt 00:00:07]} 6. Bc4 {[%clk 01:33:00]} {[%emt 00:00:03]} Bd6 {[%clk
01:31:12]} {[%emt 00:01:31]} 7. Qe2+ {[%clk 01:33:25]} {[%emt 00:00:05]} Be7
{[%clk 01:31:35]} {[%emt 00:00:08]} 8. O-O {[%clk 01:32:58]} {[%emt 00:00:57]}
O-O {[%clk 01:31:55]} {[%emt 00:00:10]} 9. h3 {[%clk 01:32:46]} {[%emt
00:00:42]} Re8 {[%clk 01:30:34]} {[%emt 00:01:51]} 10. Re1 {[%clk 01:30:27]}
{[%emt 00:02:49]} Nd7 {[%clk 01:12:02]} {[%emt 00:19:02]} 11. d4 {[%clk
01:18:40]} {[%emt 00:12:17]} Nb6 {[%clk 01:04:04]} {[%emt 00:08:28]} 12. Bd3
{[%clk 01:15:24]} {[%emt 00:03:46]} Be6 {[%clk 01:04:17]} {[%emt 00:00:17]} 13.
c3 {[%clk 01:11:21]} {[%emt 00:04:33]} Qc7 {[%clk 00:59:59]} {[%emt 00:04:47]}
14. Qc2 {[%clk 01:09:41]} {[%emt 00:02:10]} g6 {[%clk 00:59:28]} {[%emt
00:01:01]} 15. c4 {[%clk 01:09:44]} {[%emt 00:00:28]} Rad8 {[%clk 00:56:15]}
{[%emt 00:03:43]} 16. Bd2 {[%clk 01:09:03]} {[%emt 00:01:11]} Nc8 {[%clk
00:53:49]} {[%emt 00:02:55]} 17. b4 {[%clk 00:50:00]} {[%emt 00:19:33]} Nd6
{[%clk 00:50:44]} {[%emt 00:03:35]} 18. Bf4 {[%clk 00:49:08]} {[%emt 00:01:22]}
Qd7 {[%clk 00:49:37]} {[%emt 00:01:37]} 19. d5 {[%clk 00:44:15]} {[%emt
00:05:24]} cxd5 {[%clk 00:47:08]} {[%emt 00:02:58]} 20. c5 {[%clk 00:44:36]}
{[%emt 00:00:09]} Nc4 {[%clk 00:24:14]} {[%emt 00:23:24]} 21. Nd4 {[%clk
00:44:29]} {[%emt 00:00:37]} Kg7 {[%clk 00:24:31]} {[%emt 00:00:13]} 22. Rad1
{[%clk 00:37:06]} {[%emt 00:07:53]} Qc8 {[%clk 00:24:24]} {[%emt 00:00:37]} 23.
Qc3 {[%clk 00:36:34]} {[%emt 00:01:01]} a6 {[%clk 00:22:04]} {[%emt 00:02:50]}
24. Re2 {[%clk 00:32:23]} {[%emt 00:04:41]} Ne5 {[%clk 00:18:42]} {[%emt
00:03:51]} 25. Bc2 {[%clk 00:31:07]} {[%emt 00:01:46]} Nc6 {[%clk 00:16:27]}
{[%emt 00:02:45]} 26. Be3 {[%clk 00:28:08]} {[%emt 00:03:29]} Bd7 {[%clk
00:14:20]} {[%emt 00:02:38]} 27. Rde1 {[%clk 00:26:25]} {[%emt 00:02:13]} Bf8
{[%clk 00:13:20]} {[%emt 00:01:30]} 28. Bb3 {[%clk 00:22:43]} {[%emt 00:04:12]}
Kg8 {[%clk 00:12:39]} {[%emt 00:01:10]} 29. Nxc6 {[%clk 00:18:10]} {[%emt
00:05:02]} Qxc6 {[%clk 00:12:19]} {[%emt 00:00:50]} 30. Bd4 {[%clk 00:18:34]}
{[%emt 00:00:06]} Bg7 {[%clk 00:12:18]} {[%emt 00:00:31]} 31. Rxe8+ {[%clk
00:18:04]} {[%emt 00:01:00]} Bxe8 {[%clk 00:10:21]} {[%emt 00:02:28]} 32. a4
{[%clk 00:18:03]} {[%emt 00:00:31]} Bd7 {[%clk 00:09:28]} {[%emt 00:01:23]} 33.
g4 {[%clk 00:15:35]} {[%emt 00:02:59]} h6 {[%clk 00:08:38]} {[%emt 00:01:19]}
34. Re3 {[%clk 00:11:07]} {[%emt 00:04:57]} Re8 {[%clk 00:07:52]} {[%emt
00:01:17]} 35. Rxe8+ {[%clk 00:11:26]} {[%emt 00:00:11]} Bxe8 {[%clk 00:08:21]}
36. Qf3 {[%clk 00:11:50]} {[%emt 00:00:06]} Qe6 {[%clk 00:07:10]} {[%emt
00:01:41]} 37. Bc3 {[%clk 00:03:13]} {[%emt 00:09:07]} Bc6 {[%clk 00:07:17]}
{[%emt 00:00:23]} 38. b5 {[%clk 00:02:45]} {[%emt 00:00:58]} axb5 {[%clk
00:07:15]} {[%emt 00:00:32]} 39. axb5 {[%clk 00:03:11]} {[%emt 00:00:05]} Bxb5
{[%clk 00:07:32]} {[%emt 00:00:13]} 40. Bxd5 {[%clk 00:03:16]} {[%emt
00:00:24]} Bc6 {[%clk 00:07:30]} {[%emt 00:00:32]} 41. Bxe6 {[%clk 00:03:42]}
{[%emt 00:00:04]} Bxf3 {[%clk 00:07:57]} {[%emt 00:00:03]} 42. Bc4 {[%clk
00:03:57]} {[%emt 00:00:15]} f5 {[%clk 00:07:12]} {[%emt 00:01:15]} 43. Bxg7
{[%clk 00:02:55]} {[%emt 00:01:32]} Kxg7 {[%clk 00:07:37]} {[%emt 00:00:04]} 44.
gxf5 {[%clk 00:03:15]} {[%emt 00:00:10]} gxf5 {[%clk 00:05:06]} {[%emt
00:03:01]} 45. Kf1 {[%clk 00:03:22]} {[%emt 00:00:22]} Kf6 {[%clk 00:05:21]}
{[%emt 00:00:15]} 46. Ke1 {[%clk 00:03:47]} {[%emt 00:00:06]} Ke5 {[%clk
00:04:47]} {[%emt 00:01:05]} 47. Bxf7 {[%clk 00:03:57]} {[%emt 00:00:19]} Kd4
{[%clk 00:05:04]} {[%emt 00:00:12]} 48. Kd2 {[%clk 00:04:20]} {[%emt 00:00:07]}
f4 {[%clk 00:05:27]} {[%emt 00:00:07]} 49. Bg6 {[%clk 00:02:01]} {[%emt
00:02:49]} Kxc5 {[%clk 00:05:50]} {[%emt 00:00:07]} 50. Kc3 {[%clk 00:02:28]}
{[%emt 00:00:03]} Kd5 {[%clk 00:05:35]} {[%emt 00:00:46]} 51. h4 {[%clk
00:02:21]} {[%emt 00:00:37]} Be4 {[%clk 00:04:52]} {[%emt 00:01:12]} 52. Bf7+
{[%clk 00:02:02]} {[%emt 00:00:49]} Ke5 {[%clk 00:05:15]} {[%emt 00:00:08]} 53.
Be8 {[%clk 00:01:56]} {[%emt 00:00:36]} Bd5 {[%clk 00:05:04]} {[%emt 00:00:41]}
54. Kd3 {[%clk 00:01:47]} {[%emt 00:00:39]} b6 {[%clk 00:03:53]} {[%emt
00:01:41]} 55. Bd7 {[%clk 00:01:58]} {[%emt 00:00:19]} Be4+ {[%clk 00:03:41]}
{[%emt 00:00:42]} 56. Kc4 {[%clk 00:01:46]} {[%emt 00:00:41]} Bf5 {[%clk
00:03:59]} {[%emt 00:00:13]} 57. Bc6 {[%clk 00:01:44]} {[%emt 00:00:31]} Be6+
{[%clk 00:04:00]} {[%emt 00:00:29]} 58. Kd3 {[%clk 00:00:34]} {[%emt 00:01:40]}
Kf5 {[%clk 00:03:55]} {[%emt 00:00:35]} 59. Bf3 {[%clk 00:00:55]} {[%emt
00:00:08]} b5 {[%clk 00:04:20]} {[%emt 00:00:06]} 60. Kc3 {[%clk 00:01:19]}
{[%emt 00:00:06]} Ke5 {[%clk 00:03:36]} {[%emt 00:01:14]} 61. Bg2 {[%clk
00:01:35]} {[%emt 00:00:14]} Bd5 {[%clk 00:03:32]} {[%emt 00:00:34]} 62. Bf1
{[%clk 00:01:59]} {[%emt 00:00:05]} Bc4 {[%clk 00:03:23]} {[%emt 00:00:39]} 63.
Bg2 {[%clk 00:02:25]} {[%emt 00:00:04]} Be2 {[%clk 00:03:21]} {[%emt 00:00:32]}
64. Bc6 {[%clk 00:01:29]} {[%emt 00:01:26]} b4+ {[%clk 00:02:35]} {[%emt
00:01:17]} 65. Kxb4 {[%clk 00:01:23]} {[%emt 00:00:36]} Kd4 {[%clk 00:03:04]}
66. Bb7 {[%clk 00:00:34]} {[%emt 00:01:18]} Bd3 {[%clk 00:00:47]} {[%emt
00:02:48]} 67. Bf3 {[%clk 00:00:58]} {[%emt 00:00:05]} Be4 {[%clk 00:01:01]}
{[%emt 00:00:15]} 68. Be2 {[%clk 00:00:40]} {[%emt 00:00:49]} Bd5 {[%clk
00:01:30]} 69. Bf1 {[%clk 00:01:04]} {[%emt 00:00:06]} Ba2 {[%clk 00:01:04]}
{[%emt 00:00:56]} 70. Be2 {[%clk 00:01:17]} {[%emt 00:00:17]} Bb1 {[%clk
00:00:59]} {[%emt 00:00:35]} 71. Kb3 {[%clk 00:01:07]} {[%emt 00:00:39]} Bd3
{[%clk 00:00:49]} {[%emt 00:00:40]} 72. Bf3 {[%clk 00:01:28]} {[%emt 00:00:09]}
Bg6 {[%clk 00:00:47]} {[%emt 00:00:32]} 73. Kb4 {[%clk 00:01:33]} {[%emt
00:00:25]} Bc2 {[%clk 00:00:43]} {[%emt 00:00:33]} 74. Be2 {[%clk 00:01:11]}
{[%emt 00:00:52]} Be4 {[%clk 00:00:41]} {[%emt 00:00:32]} 75. Bf1 {[%clk
00:01:06]} {[%emt 00:00:35]} Bd3 {[%clk 00:00:48]} {[%emt 00:00:24]} 76. Bg2
{[%clk 00:01:27]} {[%emt 00:00:09]} Be2 {[%clk 00:00:40]} {[%emt 00:00:38]} 77.
Bc6 {[%clk 00:01:08]} {[%emt 00:00:48]} Bg4 {[%clk 00:00:56]} {[%emt 00:00:13]}
78. Bb5 {[%clk 00:01:07]} {[%emt 00:00:32]} Ke4 {[%clk 00:01:04]} {[%emt
00:00:22]} 79. Bc6 {[%clk 00:01:34]} {[%emt 00:00:04]} Kd3 {[%clk 00:01:31]}
{[%emt 00:00:04]} 80. Bb5+ {[%clk 00:01:09]} {[%emt 00:00:55]} Kd2 {[%clk
00:01:56]} {[%emt 00:00:05]} 81. Kc5 {[%clk 00:01:22]} {[%emt 00:00:17]} Ke1
{[%clk 00:02:25]} 82. Kd4 {[%clk 00:01:37]} {[%emt 00:00:14]} Kxf2 {[%clk
00:02:50]} {[%emt 00:00:05]} 83. Ke4 {[%clk 00:02:01]} {[%emt 00:00:07]} f3
{[%clk 00:02:09]} {[%emt 00:01:11]} 84. Kf4 {[%clk 00:02:25]} {[%emt 00:00:05]}
h5 {[%clk 00:02:38]} {[%emt 00:00:01]} 85. Bc6 {[%clk 00:02:49]} {[%emt
00:00:06]} Ke2 {[%clk 00:02:50]} {[%emt 00:00:18]} 0-1

[Event "S16 a S20"]
[Site "Cambrils"]
[Date "2023.04.05"]
[Round "7.6"]
[White "Pardina Domenech, Victor"]
[Black "Jimenez Munoz, Nicolas"]
[Result "1/2-1/2"]
[TimeControl "90'+30\""]
[BlackFideId "32092172"]
[WhiteElo "1919"]
[BlackElo "2230"]

1. e4 {[%clk 01:30:50]} {[%emt 00:00:09]} c5 {[%clk 01:30:56]} {[%emt
00:00:05]} 2. Nf3 {[%clk 01:31:11]} {[%emt 00:00:09]} d6 {[%clk 01:31:22]}
{[%emt 00:00:04]} 3. d4 {[%clk 01:31:32]} {[%emt 00:00:09]} Nf6 {[%clk
01:31:48]} {[%emt 00:00:04]} 4. Nc3 {[%clk 01:30:08]} {[%emt 00:01:53]} cxd4
{[%clk 01:32:15]} {[%emt 00:00:04]} 5. Qxd4 {[%clk 01:29:58]} {[%emt 00:00:40]}
Nc6 {[%clk 01:26:48]} {[%emt 00:05:58]} 6. Bb5 {[%clk 01:30:02]} {[%emt
00:00:25]} Bd7 {[%clk 01:26:08]} {[%emt 00:01:10]} 7. Bxc6 {[%clk 01:30:20]}
{[%emt 00:00:11]} Bxc6 {[%clk 01:26:23]} {[%emt 00:00:15]} 8. Bg5 {[%clk
01:30:13]} {[%emt 00:00:37]} h6 {[%clk 01:21:48]} {[%emt 00:05:06]} 9. Bxf6
{[%clk 01:24:19]} {[%emt 00:06:23]} gxf6 {[%clk 01:22:08]} {[%emt 00:00:09]} 10.
O-O-O {[%clk 01:23:52]} {[%emt 00:00:57]} Rg8 {[%clk 01:20:31]} {[%emt
00:02:07]} 11. Nh4 {[%clk 01:19:15]} {[%emt 00:05:06]} Qa5 {[%clk 01:20:40]}
{[%emt 00:00:23]} 12. g3 {[%clk 01:17:25]} {[%emt 00:02:20]} O-O-O {[%clk
01:17:57]} {[%emt 00:03:13]} 13. Kb1 {[%clk 01:16:19]} {[%emt 00:01:36]} Kb8
{[%clk 01:15:02]} {[%emt 00:03:25]} 14. f4 {[%clk 01:14:29]} {[%emt 00:02:19]}
e6 {[%clk 01:04:00]} {[%emt 00:11:32]} 15. Rhe1 {[%clk 01:12:38]} {[%emt
00:02:21]} Be7 {[%clk 01:02:25]} {[%emt 00:02:06]} 16. f5 {[%clk 01:10:16]}
{[%emt 00:02:52]} Rg4 {[%clk 00:55:02]} {[%emt 00:07:52]} 17. Qe3 {[%clk
01:06:50]} {[%emt 00:03:57]} Bf8 {[%clk 00:43:51]} {[%emt 00:11:42]} 18. Qf3
{[%clk 00:56:00]} {[%emt 00:11:18]} Rg5 {[%clk 00:38:28]} {[%emt 00:05:54]} 19.
Rd3 {[%clk 00:52:10]} {[%emt 00:04:20]} exf5 {[%clk 00:36:19]} {[%emt
00:02:40]} 20. Nxf5 {[%clk 00:50:51]} {[%emt 00:01:49]} Bxe4 {[%clk 00:36:31]}
{[%emt 00:00:18]} 21. Rxe4 {[%clk 00:49:42]} {[%emt 00:01:39]} Rxf5 {[%clk
00:36:35]} {[%emt 00:00:26]} 22. Rf4 {[%clk 00:45:55]} {[%emt 00:04:17]} Rxf4
{[%clk 00:34:47]} {[%emt 00:02:18]} 23. Qxf4 {[%clk 00:46:08]} {[%emt
00:00:16]} Qe5 {[%clk 00:33:12]} {[%emt 00:02:06]} 24. Qf3 {[%clk 00:43:46]}
{[%emt 00:02:49]} Re8 {[%clk 00:30:51]} {[%emt 00:02:54]} 25. a3 {[%clk
00:43:24]} {[%emt 00:00:52]} Bg7 {[%clk 00:29:30]} {[%emt 00:01:50]} 26. Nd5
{[%clk 00:41:43]} {[%emt 00:02:10]} f5 {[%clk 00:28:39]} {[%emt 00:01:22]} 27.
Rb3 {[%clk 00:40:17]} {[%emt 00:01:55]} Qe1+ {[%clk 00:25:37]} {[%emt
00:03:33]} 28. Ka2 {[%clk 00:40:36]} {[%emt 00:00:10]} Qe4 {[%clk 00:25:57]}
{[%emt 00:00:10]} 29. Re3 {[%clk 00:38:22]} {[%emt 00:02:44]} Qc4+ {[%clk
00:26:20]} {[%emt 00:00:07]} 30. Rb3 {[%clk 00:38:37]} {[%emt 00:00:15]} Qxc2
{[%clk 00:23:27]} {[%emt 00:03:24]} 31. Nc3 {[%clk 00:33:34]} {[%emt 00:05:33]}
Re7 {[%clk 00:22:49]} {[%emt 00:01:08]} 32. Qf4 {[%clk 00:26:50]} {[%emt
00:07:12]} Be5 {[%clk 00:19:00]} {[%emt 00:04:21]} 33. Qxh6 {[%clk 00:26:58]}
{[%emt 00:00:21]} Rc7 {[%clk 00:18:22]} {[%emt 00:01:09]} 34. Qf8+ {[%clk
00:27:07]} {[%emt 00:00:21]} Rc8 {[%clk 00:18:45]} {[%emt 00:00:06]} 35. Qxf7
{[%clk 00:26:38]} {[%emt 00:00:59]} b6 {[%clk 00:17:44]} {[%emt 00:01:32]} 36.
Nb5 {[%clk 00:26:38]} {[%emt 00:00:30]} Rc6 {[%clk 00:15:24]} {[%emt 00:02:50]}
37. Qxa7+ {[%clk 00:23:22]} {[%emt 00:03:46]} Kc8 {[%clk 00:15:53]} 38. Qe7
{[%clk 00:22:24]} {[%emt 00:01:28]} Kb8 {[%clk 00:15:08]} {[%emt 00:01:15]} 39.
Qa7+ {[%clk 00:17:03]} {[%emt 00:05:50]} Kc8 {[%clk 00:15:37]} {[%emt
00:00:01]} 40. Qe7 {[%clk 00:17:08]} {[%emt 00:00:25]} Kb8 {[%clk 00:16:02]}
{[%emt 00:00:05]} 41. Qa7+ {[%clk 00:15:31]} {[%emt 00:02:07]} 1/2-1/2

[Event "S16 a S20"]
[Site "Cambrils"]
[Date "2023.04.05"]
[Round "7.7"]
[White "Ano Pla, Gerard"]
[Black "Domene Mulyukov, Alexander"]
[Result "1-0"]
[TimeControl "90'+30\""]
[BlackTitle "FM"]
[WhiteFideId "24560561"]
[BlackFideId "24589802"]
[WhiteElo "2189"]
[BlackElo "2236"]

1. d4 {[%clk 01:30:58]} {[%emt 00:00:02]} Nf6 {[%clk 01:30:41]} {[%emt
00:00:19]} 2. c4 {[%clk 01:31:17]} {[%emt 00:00:12]} c5 {[%clk 01:30:54]}
{[%emt 00:00:17]} 3. d5 {[%clk 01:31:37]} {[%emt 00:00:11]} e6 {[%clk
01:31:04]} {[%emt 00:00:20]} 4. Nc3 {[%clk 01:31:53]} {[%emt 00:00:14]} exd5
{[%clk 01:31:25]} {[%emt 00:00:08]} 5. cxd5 {[%clk 01:32:16]} {[%emt 00:00:08]}
d6 {[%clk 01:31:50]} {[%emt 00:00:05]} 6. e4 {[%clk 01:32:42]} {[%emt
00:00:04]} g6 {[%clk 01:32:10]} {[%emt 00:00:09]} 7. f4 {[%clk 01:33:09]}
{[%emt 00:00:04]} Bg7 {[%clk 01:32:31]} {[%emt 00:00:09]} 8. Bb5+ {[%clk
01:33:34]} {[%emt 00:00:05]} Nfd7 {[%clk 01:32:52]} {[%emt 00:00:08]} 9. Be2
{[%clk 01:33:34]} {[%emt 00:00:30]} O-O {[%clk 01:31:43]} {[%emt 00:01:39]} 10.
Nf3 {[%clk 01:33:45]} {[%emt 00:00:19]} Re8 {[%clk 01:27:19]} {[%emt 00:04:55]}
11. O-O {[%clk 01:34:01]} {[%emt 00:00:14]} Na6 {[%clk 01:25:36]} {[%emt
00:02:14]} 12. Bd2 {[%clk 01:27:27]} {[%emt 00:07:03]} Nc7 {[%clk 01:25:12]}
{[%emt 00:00:53]} 13. a4 {[%clk 01:27:44]} {[%emt 00:00:14]} Rb8 {[%clk
01:20:40]} {[%emt 00:05:02]} 14. Be1 {[%clk 01:26:21]} {[%emt 00:01:53]} a6
{[%clk 01:10:24]} {[%emt 00:10:46]} 15. e5 {[%clk 01:19:34]} {[%emt 00:07:17]}
dxe5 {[%clk 00:47:47]} {[%emt 00:23:07]} 16. Bh4 {[%clk 01:17:05]} {[%emt
00:02:58]} Bf6 {[%clk 00:47:03]} {[%emt 00:01:14]} 17. d6 {[%clk 01:14:51]}
{[%emt 00:02:45]} Ne6 {[%clk 00:46:58]} {[%emt 00:00:35]} 18. Bxf6 {[%clk
01:13:15]} {[%emt 00:02:07]} Qxf6 {[%clk 00:38:25]} {[%emt 00:09:03]} 19. Nd5
{[%clk 01:11:16]} {[%emt 00:02:29]} Qg7 {[%clk 00:37:44]} {[%emt 00:01:09]} 20.
fxe5 {[%clk 01:06:26]} {[%emt 00:05:20]} Kh8 {[%clk 00:36:00]} {[%emt
00:02:14]} 21. Qd2 {[%clk 00:41:01]} {[%emt 00:25:56]} b6 {[%clk 00:14:50]}
{[%emt 00:21:40]} 22. Nc7 {[%clk 00:30:25]} {[%emt 00:11:06]} Nxc7 {[%clk
00:13:32]} {[%emt 00:01:48]} 23. dxc7 {[%clk 00:30:44]} {[%emt 00:00:11]} Ra8
{[%clk 00:08:28]} {[%emt 00:05:35]} 24. Qd5 {[%clk 00:27:42]} {[%emt 00:03:32]}
Ra7 {[%clk 00:08:35]} {[%emt 00:00:23]} 25. Ng5 {[%clk 00:27:29]} {[%emt
00:00:43]} Nxe5 {[%clk 00:08:16]} {[%emt 00:00:50]} 26. Rxf7 {[%clk 00:23:49]}
{[%emt 00:04:10]} Nxf7 {[%clk 00:05:52]} {[%emt 00:02:54]} 27. Nxf7+ {[%clk
00:24:09]} {[%emt 00:00:10]} Kg8 {[%clk 00:06:15]} {[%emt 00:00:06]} 28. Nd6+
{[%clk 00:24:13]} {[%emt 00:00:26]} Kh8 {[%clk 00:02:42]} {[%emt 00:04:03]} 29.
Nxe8 {[%clk 00:24:27]} {[%emt 00:00:17]} Qe7 {[%clk 00:02:27]} {[%emt
00:00:44]} 30. Qd8 {[%clk 00:24:17]} {[%emt 00:00:40]} Rxc7 {[%clk 00:02:08]}
{[%emt 00:00:48]} 31. Qxc7 {[%clk 00:24:22]} {[%emt 00:00:26]} 1-0

[Event "S16 a S20"]
[Site "Cambrils"]
[Date "2023.04.05"]
[Round "7.8"]
[White "Porta Isant, Lluis"]
[Black "Serrahima Susany, Ramon"]
[Result "0-1"]
[TimeControl "90'+30\""]
[WhiteElo "1995"]
[BlackElo "2183"]

1. e4 {[%clk 01:30:59]} {[%emt 00:29:30]} e5 {[%clk 01:30:55]} {[%emt
00:00:06]} 2. f4 {[%clk 01:29:02]} {[%emt 00:02:27]} exf4 {[%clk 01:29:03]}
{[%emt 00:02:21]} 3. Bc4 {[%clk 01:27:03]} {[%emt 00:02:29]} d5 {[%clk
01:24:02]} {[%emt 00:05:31]} 4. Bxd5 {[%clk 01:25:13]} {[%emt 00:02:21]} c6
{[%clk 01:18:10]} {[%emt 00:06:22]} 5. Bb3 {[%clk 01:23:14]} {[%emt 00:02:29]}
Qh4+ {[%clk 01:18:23]} {[%emt 00:00:17]} 6. Kf1 {[%clk 01:22:47]} {[%emt
00:00:57]} Bg4 {[%clk 01:14:26]} {[%emt 00:04:27]} 7. Nf3 {[%clk 01:18:00]}
{[%emt 00:05:17]} Qh5 {[%clk 01:06:37]} {[%emt 00:08:19]} 8. d4 {[%clk
01:12:17]} {[%emt 00:06:13]} g5 {[%clk 01:05:32]} {[%emt 00:01:35]} 9. Nbd2
{[%clk 01:06:40]} {[%emt 00:06:08]} Nd7 {[%clk 01:02:55]} {[%emt 00:03:07]} 10.
Qe1 {[%clk 00:59:51]} {[%emt 00:07:19]} Bg7 {[%clk 00:59:30]} {[%emt 00:03:55]}
11. d5 {[%clk 00:53:16]} {[%emt 00:07:06]} Ne7 {[%clk 00:59:18]} {[%emt
00:00:42]} 12. h4 {[%clk 00:43:12]} {[%emt 00:10:33]} Bxf3 {[%clk 00:57:52]}
{[%emt 00:01:57]} 13. Nxf3 {[%clk 00:42:08]} {[%emt 00:01:34]} g4 {[%clk
00:57:14]} {[%emt 00:01:08]} 14. Ng5 {[%clk 00:41:36]} {[%emt 00:01:03]} O-O
{[%clk 00:56:58]} {[%emt 00:00:46]} 15. Qb4 {[%clk 00:38:00]} {[%emt 00:04:06]}
Rae8 {[%clk 00:52:26]} {[%emt 00:05:02]} 16. Bxf4 {[%clk 00:34:21]} {[%emt
00:04:09]} h6 {[%clk 00:47:58]} {[%emt 00:04:57]} 17. Bd6 {[%clk 00:22:29]}
{[%emt 00:12:22]} Nxd5 {[%clk 00:42:12]} {[%emt 00:06:16]} 18. exd5 {[%clk
00:20:52]} {[%emt 00:02:07]} hxg5 {[%clk 00:42:35]} {[%emt 00:00:07]} 19. Bxf8
{[%clk 00:19:16]} {[%emt 00:02:06]} Bxf8 {[%clk 00:42:50]} {[%emt 00:00:15]} 20.
Qxb7 {[%clk 00:14:47]} {[%emt 00:04:59]} Qg6 {[%clk 00:40:43]} {[%emt
00:02:37]} 21. Qxc6 {[%clk 00:09:39]} {[%emt 00:05:38]} Qf5+ {[%clk 00:40:55]}
{[%emt 00:00:19]} 22. Kg1 {[%clk 00:10:01]} {[%emt 00:00:08]} g3 {[%clk
00:39:30]} {[%emt 00:01:54]} 23. Rf1 {[%clk 00:09:15]} {[%emt 00:01:16]} Re1
{[%clk 00:39:48]} {[%emt 00:00:13]} 0-1

[Event "S16 a S20"]
[Site "Cambrils"]
[Date "2023.04.05"]
[Round "7.9"]
[White "Valle Luis, Leo"]
[Black "Chiva Perez, Ferran"]
[Result "1-0"]
[TimeControl "90'+30\""]
[WhiteFideId "54577187"]
[WhiteElo "2377"]
[BlackElo "1985"]

1. e4 {[%clk 01:30:57]} {[%emt 00:00:01]} e6 {[%clk 01:30:53]} {[%emt
00:00:07]} 2. d4 {[%clk 01:31:20]} {[%emt 00:00:08]} d5 {[%clk 01:31:17]}
{[%emt 00:00:05]} 3. e5 {[%clk 01:31:46]} {[%emt 00:00:06]} c5 {[%clk
01:31:43]} {[%emt 00:00:03]} 4. c3 {[%clk 01:32:13]} {[%emt 00:00:03]} Nc6
{[%clk 01:32:07]} {[%emt 00:00:05]} 5. Nf3 {[%clk 01:32:39]} {[%emt 00:00:04]}
Qb6 {[%clk 01:32:17]} {[%emt 00:00:20]} 6. Bd3 {[%clk 01:32:44]} {[%emt
00:00:26]} Bd7 {[%clk 01:32:39]} {[%emt 00:00:09]} 7. O-O {[%clk 01:33:06]}
{[%emt 00:00:07]} cxd4 {[%clk 01:31:10]} {[%emt 00:01:59]} 8. Nbd2 {[%clk
01:32:54]} {[%emt 00:00:41]} dxc3 {[%clk 01:22:20]} {[%emt 00:09:20]} 9. bxc3
{[%clk 01:33:04]} {[%emt 00:00:19]} Nge7 {[%clk 01:10:15]} {[%emt 00:12:35]} 10.
Rb1 {[%clk 01:10:26]} {[%emt 00:23:10]} Qc7 {[%clk 01:10:18]} {[%emt 00:00:25]}
11. c4 {[%clk 01:06:48]} {[%emt 00:04:10]} O-O-O {[%clk 00:36:39]} {[%emt
00:34:07]} 12. Re1 {[%clk 00:50:32]} {[%emt 00:16:48]} Ng6 {[%clk 00:29:38]}
{[%emt 00:07:31]} 13. Bb2 {[%clk 00:40:43]} {[%emt 00:10:18]} Be7 {[%clk
00:13:03]} {[%emt 00:17:05]} 14. a3 {[%clk 00:31:37]} {[%emt 00:09:37]} Nf4
{[%clk 00:12:36]} {[%emt 00:00:56]} 15. Bf1 {[%clk 00:31:39]} {[%emt 00:00:27]}
g5 {[%clk 00:12:39]} {[%emt 00:00:28]} 16. Qc2 {[%clk 00:24:47]} {[%emt
00:07:22]} d4 {[%clk 00:09:21]} {[%emt 00:03:49]} 17. Nxd4 {[%clk 00:23:35]}
{[%emt 00:01:41]} Nxd4 {[%clk 00:08:33]} {[%emt 00:01:18]} 18. Bxd4 {[%clk
00:23:54]} {[%emt 00:00:11]} Qa5 {[%clk 00:06:32]} {[%emt 00:02:31]} 19. Nb3
{[%clk 00:21:14]} {[%emt 00:03:10]} Qa4 {[%clk 00:05:34]} {[%emt 00:01:29]} 20.
Qc3 {[%clk 00:20:57]} {[%emt 00:00:46]} Bc6 {[%clk 00:04:22]} {[%emt 00:01:42]}
21. Bc5 {[%clk 00:20:54]} {[%emt 00:00:33]} 1-0